[Event "Chefchaouen op"]
[Site "Chefchaouen"]
[Date "2022.10.23"]
[Round "1"]
[White "Lameti, Mohamed"]
[Black "Rian, Moubarak"]
[Result "0-1"]
[WhiteElo "1852"]
[BlackElo "2000"]
[PlyCount "52"]
[EventDate "2022.10.23"]
[EventType "swiss"]
[EventRounds "7"]
[EventCountry "MAR"]
[SourceTitle "EXT 2024"]
[Source "ChessBase"]
[SourceDate "2023.10.10"]
[SourceVersion "1"]
[SourceVersionDate "2023.10.10"]
[SourceQuality "1"]

1. d4 Nf6 2. c4 e5 3. dxe5 Ng4 4. e4 d6 5. Nf3 Nc6 6. exd6 Bxd6 7. Be2 0-0 8. 0-0 Re8 9. Nc3 Be6 10. h3 Nge5 11. Nxe5 Nxe5 12. b3 Qh4 13. Be3 Bxh3 14. c5 Bxg2 15. Kxg2 Re6 16. Rh1 Rg6+ 17. Bg4 Rxg4+ 18. Qxg4 Qxg4+ 19. Kf1 Qf3 20. Rg1 Ng4 21. Rxg4 Qxg4 22. cxd6 cxd6 23. Rd1 Rc8 24. Rxd6 h5 25. Bd4 Rxc3 26. Bxc3 Qh3+ 0-1

[Event "Sousse Go Makkah op"]
[Site "Sousse"]
[Date "2019.09.07"]
[Round "7"]
[White "Henni, Mohamed"]
[Black "Rian, Moubarak"]
[Result "1-0"]
[WhiteElo "2205"]
[BlackElo "2048"]
[PlyCount "93"]
[EventDate "2019.09.02"]
[EventType "swiss"]
[EventRounds "9"]
[EventCountry "TUN"]
[SourceTitle "EXT 2020"]
[Source "ChessBase"]
[SourceDate "2019.10.17"]
[SourceVersion "1"]
[SourceVersionDate "2019.10.17"]
[SourceQuality "1"]

1. e4 e6 2. d4 d5 3. Nd2 Nf6 4. e5 Nfd7 5. Ngf3 c5 6. c3 Nc6 7. Be2 cxd4 8. cxd4 Qb6 9. Nb1 f6 10. exf6 Nxf6 11. 0-0 Bd6 12. Nc3 0-0 13. a3 Bd7 14. b4 Rae8 15. Bb2 Re7 16. Rc1 Be8 17. Na4 Qd8 18. Nc5 b6 19. Nd3 Ne4 20. b5 Na5 21. Nde5 Rc7 22. a4 Qf6 23. Rxc7 Bxc7 24. Ba3 Bd6 25. Bxd6 Nxd6 26. Qc2 Nf5 27. Rd1 h5 28. Rd3 g5 29. h3 Qg7 30. Qd2 g4 31. hxg4 hxg4 32. Ng5 Nxd4 33. Rxd4 Qxe5 34. Rxg4 Bg6 35. Nf3 Qa1+ 36. Bf1 Rf6 37. Qh6 Qb1 38. Nh4 Kf7 39. Nxg6 Rxg6 40. Rf4+ Qf5 41. Rxf5+ exf5 42. Qh7+ Kf6 43. Qxa7 Ke5 44. Bd3 Nb3 45. Qe7+ Re6 46. Qg5 Nd4 47. Qe3+ 1-0

[Event "Tiznit rapid op"]
[Site "Tiznit"]
[Date "2019.07.27"]
[Round "4"]
[White "Arrami, Mohamed"]
[Black "Rian, Moubarak"]
[Result "1-0"]
[WhiteElo "2168"]
[BlackElo "2000"]
[PlyCount "81"]
[EventDate "2019.07.27"]
[EventType "swiss (rapid)"]
[EventRounds "9"]
[EventCountry "MAR"]
[SourceTitle "CBM 191 Extra"]
[Source "ChessBase"]
[SourceDate "2019.09.30"]
[SourceVersion "1"]
[SourceVersionDate "2019.09.30"]
[SourceQuality "1"]

1. e4 c5 2. Nc3 Nc6 3. Nf3 a6 4. d4 cxd4 5. Nxd4 e6 6. Be3 Nge7 7. Bd3 Nxd4 8. Bxd4 Nc6 9. Be3 Qc7 10. a4 Bb4 11. 0-0 0-0 12. f4 b6 13. Qg4 Bc5 14. Bxc5 bxc5 15. e5 Nd4 16. Ne4 Kh8 17. Qh5 Nf5 18. Ng5 Nh6 19. Nxh7 c4 20. Be4 Bb7 21. Bxb7 Qxb7 22. Nxf8 Rxf8 23. f5 exf5 24. Rxf5 Qxb2 25. Raf1 Kg8 26. Rg5 Qb6+ 27. Kh1 Rb8 28. h3 Qc6 29. Rf6 Rb1+ 30. Kh2 Qc5 31. Qxh6 Qg1+ 32. Kg3 Qe1+ 33. Rf2 g6 34. Qh4 Qe3+ 35. Kh2 Qe1 36. Rxg6+ fxg6 37. Qd8+ Kh7 38. Rf7+ Kh6 39. Qh8+ Kg5 40. Qf6+ Kh6 41. Qf4+ 1-0

[Event "El Ksiba op"]
[Site "El Ksiba"]
[Date "2019.04.12"]
[Round "8"]
[White "Rian, Moubarak"]
[Black "Maksimenko, Andrei"]
[Result "0-1"]
[WhiteElo "2048"]
[BlackElo "2461"]
[PlyCount "74"]
[EventDate "2019.04.08"]
[EventType "swiss"]
[EventRounds "9"]
[EventCountry "MAR"]
[SourceTitle "CBM 189 Extra"]
[Source "ChessBase"]
[SourceDate "2019.06.03"]
[SourceVersion "1"]
[SourceVersionDate "2019.06.03"]
[SourceQuality "1"]

1. Nf3 c5 2. c4 g6 3. g3 Bg7 4. Bg2 Nc6 5. Nc3 e6 6. 0-0 Nge7 7. d3 0-0 8. a3 d5 9. Qc2 b6 10. b3 Bb7 11. Bb2 d4 12. Ne4 Qd7 13. Rab1 e5 14. Bc1 f5 15. Ned2 a5 16. h4 Kh8 17. Kh2 Ng8 18. Bh3 Qd6 19. Rh1 Nf6 20. Kg1 Rae8 21. Nf1 h6 22. Rh2 e4 23. Bf4 Qe7 24. Ne1 Nh5 25. Qc1 Kh7 26. Ng2 Ne5 27. Bxe5 Bxe5 28. b4 axb4 29. axb4 f4 30. bxc5 fxg3 31. Nxg3 Nxg3 32. fxg3 Bxg3 33. Rxb6 exd3 34. c6 Bxh2+ 35. Kh1 Bc7 36. Rxb7 dxe2 37. Ne1 Rf1+ 0-1